000 00204 a2200109 4500
020 _a8477645582
041 _aspa
100 _aMaria Pascual
245 _aCuentos Infantiles
942 _cBK
952 _71
999 _c24900
_d24900